000 00699nam a2200289Ia 4500
005 20260324144949.0
008 008 260324s9999 xx 000 0 eng d
020 _a9781315016559
037 _aEBOOK
040 _aCRL
040 _beng
040 _cCRL
041 _2eng
041 _aeng
084 _qCRL
100 _aAllen Oakley
_91221258
245 0 _aMarx's Critique of Political Economy Volume Two
245 0 _bIntellectual Sources and Evolution
260 _bTaylor and Francis
260 _c1985
365 _a
365 _b350
856 _uhttp://www.taylorfrancis.com/books/9781315016559
942 _cEBOOK
999 _c1828529
_d1828529